000 00386nam a2200145Ia 4500
008 230917s9999||||xx |||||||||||||| ||und||
040 _e123362
_aMAIN
041 _aEnglish
082 _a005.133 C89C
100 _aInc. Kogent Solutions
245 0 _aC # 2005 with net 3.00 framework in simple steps
260 _aNew Delhi
_bDreamtech Press
_c2008
300 _a326 p.
942 _cBK
999 _c144777
_d144777